000 00561nam a2200229Ia 4500
008 200601s9999 xx 000 0 und d
020 _a978-0-471-94580-2
050 _aREF F 1652
050 _b.P67 2006
100 _aPorter, Darwin.
245 0 _aBahamas 2007 /
245 0 _cDarwin Porter & Danforth Prince.
260 _a[s. l. ]
260 _b[s. n. ]
260 _c2007
300 _a308 pages :
300 _billustrations ;
300 _c21 cm.
440 _aFrommer's
500 _aIncludes index.
650 _aBahamas -- Guidebooks.
999 _c363321
_d363321